[Event "CYCC U14 w"]
[Site "Windsor CAN"]
[Date "2010.07.06"]
[Round "1"]
[White "Xiao, Alice"]
[Black "Hou, Louisa Qianqian"]
[Result "0-1"]
[WhiteElo "1720"]
[BlackElo "1256"]
[PlyCount "121"]
[EventDate "2010.07.06"]
[EventType "swiss"]
[EventRounds "7"]
[EventCountry "CAN"]

1. e4 c5 2. Nf3 d6 3. d4 cxd4 4. Nxd4 Nf6 5. Nc3 g6 6. Bc4 Bg7 7. Be3 Nc6 8.
Bb3 O-O 9. f3 Bd7 10. Qd2 Rc8 11. Nxc6 Bxc6 12. Bh6 b5 13. Bxg7 Kxg7 14. g4 a5
15. h4 a4 16. Bd5 b4 17. Ne2 Bxd5 18. exd5 Qc7 19. c3 Qb7 20. h5 Qxd5 21. Nd4
bxc3 22. bxc3 e5 23. Nf5+ Kh8 24. Qh6 Rg8 25. Ne7 Qxf3 26. hxg6 Qxc3+ 27. Ke2
Qc4+ 28. Ke1 Qe4+ 29. Kf1 Qd3+ 30. Ke1 Rxg6 31. Nxg6+ Qxg6 32. Qxg6 fxg6 33.
Rd1 Rc6 34. g5 Ne4 35. Rg1 Kg7 36. Rg4 Nc5 37. Ke2 h6 38. gxh6+ Kxh6 39. Rc1
Rb6 40. Ke3 Rb8 41. Rcg1 Rg8 42. Kd2 d5 43. Kc3 Ne4+ 44. Kb4 g5 45. Kxa4 Kg6
46. Kb3 Rf8 47. a4 Rf4 48. Rxf4 exf4 49. Kc2 Kf5 50. a5 Nc5 51. Kd1 g4 52. Ke2
d4 53. Rh1 f3+ 54. Kf2 Kf4 55. Rd1 g3+ 56. Kf1 g2+ 57. Kf2 Ne4+ 58. Kg1 Kg3 59.
Rd3 Nc3 60. Rd2 Ne2+ 61. Rxe2 0-1

[Event "CYCC U14 w"]
[Site "Windsor CAN"]
[Date "2010.07.06"]
[Round "1"]
[White "Yu, Kexin"]
[Black "Kalaydina, Regina Veronicka"]
[Result "0-1"]
[WhiteElo "1384"]
[BlackElo "1957"]
[PlyCount "168"]
[EventDate "2010.07.06"]
[EventType "swiss"]
[EventRounds "7"]
[EventCountry "CAN"]

1. c4 e5 2. Nc3 Nf6 3. d3 d5 4. cxd5 Nxd5 5. Nf3 Nc6 6. g3 Be6 7. Bg2 Be7 8.
O-O O-O 9. a3 a5 10. Rb1 Nb6 11. Bd2 a4 12. Be3 Bb3 13. Qc1 Nd5 14. Nxd5 Bxd5
15. Bc5 f6 16. Rd1 Bxc5 17. Qxc5 Ra5 18. Qc3 Qe7 19. Rbc1 Rd8 20. Nd2 Bxg2 21.
Kxg2 Qf7 22. Ne4 Qd5 23. Kg1 Nd4 24. Qe1 c6 25. Rc4 Raa8 26. Nc3 Qe6 27. Rxa4
Rxa4 28. Nxa4 Qb3 29. Nc5 Qxb2 30. Rd2 Qb5 31. Ne4 Qa5 32. Qc1 Kh8 33. Qb2 b6
34. Qb4 Ra8 35. Rb2 Nb5 36. Nd6 Qxb4 37. Rxb4 Nxd6 38. Rxb6 Rc8 39. a4 Kg8 40.
a5 Kf7 41. a6 Ke6 42. a7 Ra8 43. Rxc6 Rxa7 44. f4 exf4 45. gxf4 Kd5 46. Rc2 f5
47. Kf2 Nb5 48. e3 Ra3 49. Ke2 Kd6 50. Rb2 Nc3+ 51. Kd2 Nd5 52. Ke2 Kc6 53. h3
Ra4 54. Kf3 Nb4 55. Rb3 Nd5 56. e4 Nf6 57. Rc3+ Kd7 58. e5 Nd5 59. Rc4 Rxc4 60.
dxc4 Ne7 61. Ke3 Kc6 62. Kd4 Ng6 63. e6 Nxf4 64. Ke5 Nxe6 65. Kxf5 Nd4+ 66. Ke4
Kc5 67. Kd3 Nf3 68. Ke3 Ne5 69. Ke4 Nxc4 70. Kf5 Kd5 71. Kg5 Ke5 72. h4 Nd6 73.
Kh5 Nf5 74. Kg5 Nxh4 75. Kxh4 Kf4 76. Kh3 g5 77. Kg2 g4 78. Kf2 g3+ 79. Kg2 Kg4
80. Kg1 h5 81. Kg2 h4 82. Kg1 Kf3 83. Kh1 h3 84. Kg1 g2 0-1

[Event "CYCC U14 w"]
[Site "Windsor CAN"]
[Date "2010.07.06"]
[Round "2"]
[White "Hou, Louisa Qianqian"]
[Black "Giblon, Rebecca"]
[Result "1-0"]
[WhiteElo "1256"]
[BlackElo "1493"]
[PlyCount "81"]
[EventDate "2010.07.06"]
[EventType "swiss"]
[EventRounds "7"]
[EventCountry "CAN"]

1. d4 d5 2. Nf3 Nc6 3. Bg5 h6 4. Bh4 Nf6 5. Nbd2 Bg4 6. e3 Qd6 7. c3 e5 8. dxe5
Nxe5 9. Be2 Nxf3+ 10. Bxf3 Bxf3 11. Qxf3 Be7 12. O-O O-O 13. Rfe1 c5 14. e4
dxe4 15. Nxe4 Nxe4 16. Bxe7 Qxe7 17. Qxe4 Qxe4 18. Rxe4 Rfe8 19. Rae1 Kf8 20.
g3 Rxe4 21. Rxe4 Re8 22. Rxe8+ Kxe8 23. f3 Kd7 24. Kf2 Kd6 25. Ke3 Kd5 26. b3
b5 27. f4 a5 28. a3 f5 29. Kd3 g5 30. b4 cxb4 31. cxb4 a4 32. h3 g4 33. hxg4
fxg4 34. Ke3 h5 35. Kd3 Ke6 36. Ke4 Kf6 37. f5 Kg5 38. Ke5 Kh6 39. f6 Kh7 40.
Ke6 Kg8 41. Ke7 1-0

[Event "CYCC U14 w"]
[Site "Windsor CAN"]
[Date "2010.07.06"]
[Round "2"]
[White "Kalaydina, Regina Veronicka"]
[Black "Yun, Chang"]
[Result "1-0"]
[WhiteElo "1957"]
[BlackElo "1475"]
[PlyCount "93"]
[EventDate "2010.07.06"]
[EventType "swiss"]
[EventRounds "7"]
[EventCountry "CAN"]

1. d4 Nf6 2. c4 g6 3. Nc3 Bg7 4. e4 d6 5. Be2 O-O 6. Nf3 e5 7. d5 Nbd7 8. Bg5
h6 9. Bh4 a5 10. Nd2 Nc5 11. O-O g5 12. Bg3 Ne8 13. b3 f5 14. f3 f4 15. Bf2 h5
16. a3 Rf7 17. b4 Nd7 18. c5 Bf8 19. c6 bxc6 20. dxc6 Ndf6 21. Bc4 Qe7 22.
Bxf7+ Qxf7 23. Qb3 Be6 24. Qa4 g4 25. Kh1 Qg7 26. Ne2 Qg5 27. Rfd1 h4 28. bxa5
g3 29. Bg1 h3 30. hxg3 fxg3 31. Nf1 Nh5 32. Be3 Qh4 33. Ng1 hxg2+ 34. Kxg2 Nf4+
35. Bxf4 exf4 36. e5 Kf7 37. Rd4 dxe5 38. Rd7+ Bxd7 39. cxd7 Nd6 40. Qc6 Rb8
41. Qd5+ Ke7 42. Ra2 Bg7 43. Qc6 Rh8 44. Nxg3 Qxg3+ 45. Kf1 Rh2 46. Rxh2 Qxh2
47. Qxc7 1-0

[Event "CYCC U14 w"]
[Site "Windsor CAN"]
[Date "2010.07.06"]
[Round "2"]
[White "Vyravanathan, Sobiga"]
[Black "Yu, Kexin"]
[Result "0-1"]
[WhiteElo "1242"]
[BlackElo "1384"]
[PlyCount "124"]
[EventDate "2010.07.06"]
[EventType "swiss"]
[EventRounds "7"]
[EventCountry "CAN"]

1. e4 e5 2. Nf3 Nc6 3. Bb5 a6 4. Ba4 Nf6 5. d3 b5 6. Bb3 Be7 7. O-O O-O 8. Re1
d6 9. h3 Na5 10. Bg5 Nxb3 11. axb3 Nh5 12. Bd2 Nf6 13. Bg5 h6 14. Bh4 Nh7 15.
Bg3 f5 16. Qd2 fxe4 17. dxe4 Bxh3 18. Qd5+ Kh8 19. Nbd2 Bg4 20. c4 Nf6 21. Qd3
c6 22. Ra2 Qb6 23. Nh4 Kh7 24. Nf5 Bxf5 25. exf5 Kh8 26. Ne4 Nh5 27. Qf3 Nxg3
28. Nxg3 Rf7 29. Qh5 Raf8 30. Rea1 bxc4 31. bxc4 Bg5 32. Rxa6 Qxb2 33. Ra8 Qb7
34. R8a7 Qb2 35. Ra8 Rf6 36. Ne4 Rxf5 37. Nxg5 Qxf2+ 38. Kh1 Rxg5 39. Rxf8+
Qxf8 40. Qd1 e4 41. Qd4 d5 42. cxd5 cxd5 43. Kg1 Qf6 44. Ra8+ Kh7 45. Qe3 Rf5
46. Qe2 Qd4+ 47. Kh1 Qf2 48. Qxf2 Rxf2 49. Kg1 Rf7 50. Ra5 Rd7 51. Kf2 d4 52.
Ra1 Kg6 53. Rd1 Kf5 54. Ke2 Kg4 55. Kf2 g5 56. g3 h5 57. Kg2 e3 58. Kf1 d3 59.
Ke1 h4 60. Ra1 h3 61. Kf1 h2 62. Ra3 h1=R+ 0-1

[Event "CYCC U14 w"]
[Site "Windsor CAN"]
[Date "2010.07.06"]
[Round "2"]
[White "Wang, Yan"]
[Black "Robinson, Emily"]
[Result "1-0"]
[WhiteElo "1577"]
[BlackElo "1112"]
[PlyCount "85"]
[EventDate "2010.07.06"]
[EventType "swiss"]
[EventRounds "7"]
[EventCountry "CAN"]

1. e4 e5 2. Nf3 d6 3. d4 Nc6 4. Bb5 Bd7 5. dxe5 a6 6. Bxc6 Bxc6 7. exd6 cxd6 8.
Nc3 Nf6 9. O-O Be7 10. Re1 O-O 11. Nd4 Bd7 12. h3 b5 13. a3 Bc8 14. Bf4 Bb7 15.
Nf5 d5 16. exd5 Bxd5 17. Nxe7+ Kh8 18. Nexd5 Ra7 19. Nxf6 Qxf6 20. Qd6 Qxd6 21.
Bxd6 Rd8 22. Bc5 Rc7 23. Bb6 Rcc8 24. Bxd8 Rxd8 25. Re7 f6 26. Rae1 h6 27. Re8+
Rxe8 28. Rxe8+ Kh7 29. Re6 a5 30. Nxb5 Kg6 31. Kh2 Kf7 32. Nd4 g5 33. Kg3 Kg6
34. Kg4 h5+ 35. Kf3 Kg7 36. Ke4 Kg6 37. Nf3 Kf7 38. Kf5 Kg7 39. Re7+ Kf8 40.
Kxf6 Kg8 41. Ra7 g4 42. Ng5 gxh3 43. Ra8# 1-0

[Event "CYCC U14 w"]
[Site "Windsor CAN"]
[Date "2010.07.07"]
[Round "3"]
[White "Giblon, Rebecca"]
[Black "Ding, Jill"]
[Result "1-0"]
[WhiteElo "1493"]
[BlackElo "1220"]
[PlyCount "103"]
[EventDate "2010.07.06"]
[EventType "swiss"]
[EventRounds "7"]
[EventCountry "CAN"]

1. e4 c5 2. Nf3 d6 3. d4 cxd4 4. Nxd4 Nf6 5. Nc3 a6 6. Bg5 e6 7. Qd2 Be7 8.
O-O-O Nbd7 9. f4 Nc5 10. e5 Nfe4 11. Bxe7 Qxe7 12. Nxe4 Nxe4 13. Qe3 d5 14. Nb3
b6 15. Qxb6 Qa7 16. Qxa7 Rxa7 17. Rg1 Rc7 18. g3 O-O 19. Bg2 Nc5 20. Nxc5 Rxc5
21. Rgf1 Bd7 22. g4 Rfc8 23. c3 Bb5 24. Rf2 Bc4 25. Kb1 Ra5 26. b3 Bb5 27. Kb2
Bd7 28. c4 Bc6 29. cxd5 Bxd5 30. Bxd5 Rxd5 31. Rxd5 exd5 32. Rd2 Rd8 33. Kc3
Kf8 34. Kb4 Ke7 35. Ka5 f6 36. exf6+ Kxf6 37. Kxa6 Ke6 38. Kb5 Kd6 39. Kb4 Re8
40. Kc3 Re4 41. Rd4 Re2 42. Rd2 Re4 43. Rf2 Kc5 44. Kd3 Rd4+ 45. Kc3 Re4 46. a3
d4+ 47. Kc2 Re3 48. f5 d3+ 49. Kd2 Rh3 50. g5 Kd4 51. f6 gxf6 52. gxf6 1-0

[Event "CYCC U14 w"]
[Site "Windsor CAN"]
[Date "2010.07.07"]
[Round "3"]
[White "Robinson, Emily"]
[Black "Roussel, Lauriane"]
[Result "1-0"]
[WhiteElo "1112"]
[BlackElo "1006"]
[PlyCount "123"]
[EventDate "2010.07.06"]
[EventType "swiss"]
[EventRounds "7"]
[EventCountry "CAN"]

1. e4 e5 2. d3 Nf6 3. Nf3 Nc6 4. Be2 d5 5. Nc3 Bb4 6. O-O Bxc3 7. bxc3 dxe4 8.
dxe4 Nxe4 9. Qxd8+ Nxd8 10. Ba3 Bg4 11. h3 Bxf3 12. Bxf3 Nxc3 13. Bb2 e4 14.
Rfe1 O-O 15. Bxe4 Nxe4 16. Rxe4 Nc6 17. Rg4 g6 18. h4 Rfe8 19. h5 Ne5 20. Bxe5
Rxe5 21. hxg6 fxg6 22. Rd1 Kg7 23. Rgd4 Rae8 24. f4 Re4 25. Rxe4 Rxe4 26. Rd7+
Kh6 27. Rf7 Re2 28. Rxc7 g5 29. fxg5+ Kxg5 30. a4 a5 31. Rxb7 Kg4 32. Rg7+ Kh4
33. Rxh7+ Kg3 34. Rg7+ Kh4 35. g3+ Kh3 36. Kf1 Rxc2 37. g4 Rc4 38. g5 Rxa4 39.
g6 Rg4 40. Rh7+ Kg3 41. g7 a4 42. Rh1 Rxg7 43. Rg1+ Kf4 44. Rxg7 a3 45. Ra7 Ke4
46. Rxa3 Kd5 47. Ke2 Ke5 48. Rd3 Ke4 49. Kd2 Kf4 50. Re3 Kg4 51. Ke2 Kf4 52.
Kf2 Kg4 53. Rf3 Kh4 54. Rg3 Kh5 55. Kg2 Kh4 56. Kh2 Kh5 57. Kh3 Kh6 58. Kh4 Kh7
59. Kh5 Kh8 60. Kg6 Kg8 61. Rf3 Kh8 62. Rf8# 1-0

[Event "CYCC U14 w"]
[Site "Windsor CAN"]
[Date "2010.07.07"]
[Round "3"]
[White "Wang, Yan"]
[Black "Kalaydina, Regina Veronicka"]
[Result "1/2-1/2"]
[WhiteElo "1577"]
[BlackElo "1957"]
[PlyCount "92"]
[EventDate "2010.07.06"]
[EventType "swiss"]
[EventRounds "7"]
[EventCountry "CAN"]

1. e4 c5 2. Nf3 d6 3. d4 cxd4 4. Nxd4 Nf6 5. Nc3 e6 6. f3 Be7 7. Be3 Nc6 8. Qd2
a6 9. Be2 Qc7 10. g4 b5 11. g5 Nd7 12. f4 Bb7 13. a3 Na5 14. f5 e5 15. Nf3 Nc4
16. Bxc4 Qxc4 17. Qd3 Rc8 18. h4 b4 19. Qxc4 Rxc4 20. Nd2 Rxc3 21. bxc3 bxc3
22. Nb1 Bxe4 23. Rf1 d5 24. Nxc3 Bc5 25. Nxe4 Bxe3 26. Ke2 Bd4 27. c3 Bb6 28.
Nf2 O-O 29. Ng4 Rc8 30. Rfd1 Rc5 31. Rab1 d4 32. cxd4 Rc2+ 33. Rd2 Rxd2+ 34.
Kxd2 exd4 35. f6 h5 36. gxh6 gxh6 37. Nxh6+ Kh7 38. Nxf7 Kg6 39. Ne5+ Nxe5 40.
Rxb6 Nc4+ 41. Kd3 Nxb6 42. Kxd4 Kxf6 43. Kc5 Na4+ 44. Kc6 Kg6 45. Kb7 a5 46.
Ka6 Nb2 1/2-1/2

[Event "CYCC U14 w"]
[Site "Windsor CAN"]
[Date "2010.07.07"]
[Round "3"]
[White "Xiao, Alice"]
[Black "Yu, Kexin"]
[Result "1-0"]
[WhiteElo "1720"]
[BlackElo "1384"]
[PlyCount "71"]
[EventDate "2010.07.06"]
[EventType "swiss"]
[EventRounds "7"]
[EventCountry "CAN"]

1. e4 e5 2. Nf3 Nc6 3. Bb5 a6 4. Ba4 Nf6 5. O-O b5 6. Bb3 Be7 7. Re1 O-O 8. d4
d6 9. c3 Bg4 10. Be3 Na5 11. Bc2 Nc4 12. Bc1 Nd7 13. h3 Bh5 14. b3 Ncb6 15. Bb2
Bg6 16. Nbd2 c5 17. Nf1 c4 18. Ne3 Rc8 19. bxc4 Nxc4 20. Nxc4 Rxc4 21. a4 Qb8
22. axb5 axb5 23. Bb3 Rc6 24. Qd2 Bf6 25. Ba3 Nb6 26. dxe5 Be7 27. Bd5 Nxd5 28.
exd5 Rb6 29. Nd4 Rc8 30. Nc6 Rbxc6 31. dxc6 Rxc6 32. exd6 Bf8 33. d7 Rc8 34.
dxc8=Q Qxc8 35. Bxf8 Kxf8 36. Qd5 1-0

[Event "CYCC U14 w"]
[Site "Windsor CAN"]
[Date "2010.07.07"]
[Round "3"]
[White "Yun, Chang"]
[Black "Hou, Louisa Qianqian"]
[Result "0-1"]
[WhiteElo "1475"]
[BlackElo "1256"]
[PlyCount "102"]
[EventDate "2010.07.06"]
[EventType "swiss"]
[EventRounds "7"]
[EventCountry "CAN"]

1. e4 c5 2. Nf3 d6 3. d4 cxd4 4. Nxd4 Nf6 5. Nc3 g6 6. Be3 Bg7 7. f3 O-O 8. Qd2
Re8 9. Bh6 Bh8 10. g4 Nc6 11. Be3 Bd7 12. h4 Ne5 13. h5 b5 14. hxg6 fxg6 15.
Nd5 Rf8 16. O-O-O Rc8 17. Nf4 Rf7 18. Nfe6 Bxe6 19. Nxe6 Qd7 20. Ng5 Nxf3 21.
Nxf3 Qxg4 22. Ng5 Nxe4 23. Qd5 Nxg5 24. Bxg5 Rc5 25. Bh3 Qxg5+ 26. Qxg5 Rxg5
27. Be6 h5 28. Rdf1 Bf6 29. Rhg1 Rxg1 30. Rxg1 g5 31. b3 Kg7 32. Bxf7 Kxf7 33.
Kd2 e5 34. c4 bxc4 35. bxc4 Ke6 36. Kd3 h4 37. Ke4 a6 38. a4 a5 39. Rg2 Bd8 40.
Kf3 Kf5 41. Rg4 Bb6 42. Re4 Bf2 43. Re2 Bg3 44. Re4 Bf4 45. Re2 g4+ 46. Kg2 e4
47. Rf2 h3+ 48. Kh1 g3 49. Re2 e3 50. Kg1 Kg4 51. Rb2 Kf3 0-1

[Event "CYCC U14 w"]
[Site "Windsor CAN"]
[Date "2010.07.07"]
[Round "4"]
[White "Hou, Louisa Qianqian"]
[Black "Wang, Yan"]
[Result "1/2-1/2"]
[WhiteElo "1256"]
[BlackElo "1577"]
[PlyCount "97"]
[EventDate "2010.07.06"]
[EventType "swiss"]
[EventRounds "7"]
[EventCountry "CAN"]

1. d4 d5 2. Nf3 Bf5 3. Bg5 h6 4. Bh4 Nd7 5. e3 Ngf6 6. Bd3 Bxd3 7. Qxd3 e6 8.
O-O Be7 9. Nbd2 O-O 10. Bxf6 Bxf6 11. e4 c6 12. c3 Qb6 13. Qc2 Rac8 14. Rfe1
Rfd8 15. exd5 cxd5 16. Qb3 Qxb3 17. Nxb3 Rc7 18. Rad1 Nf8 19. Ne5 Bxe5 20. Rxe5
Ng6 21. Ree1 b6 22. g3 Re7 23. Kg2 f6 24. f4 Rde8 25. Nd2 e5 26. fxe5 fxe5 27.
dxe5 Rxe5 28. Rxe5 Rxe5 29. Rf1 Re2+ 30. Rf2 Rxf2+ 31. Kxf2 Kf7 32. Nf3 Kf6 33.
Ke3 Ne5 34. Nxe5 Kxe5 35. h3 g6 36. b4 b5 37. h4 h5 38. Kf3 Kf5 39. Ke3 Kg4 40.
Kf2 g5 41. hxg5 Kxg5 42. Ke3 Kf5 43. Kf3 Ke5 44. Ke3 Ke6 45. Kf4 Kf6 46. Kf3
Kf5 47. Ke3 Ke5 48. Kd3 Kf5 49. Ke3 1/2-1/2

[Event "CYCC U14 w"]
[Site "Windsor CAN"]
[Date "2010.07.07"]
[Round "4"]
[White "Kalaydina, Regina Veronicka"]
[Black "Xiao, Alice"]
[Result "1-0"]
[WhiteElo "1857"]
[BlackElo "1720"]
[PlyCount "68"]
[EventDate "2010.07.06"]
[EventType "swiss"]
[EventRounds "7"]
[EventCountry "CAN"]

1. c4 e6 2. d4 d5 3. Nc3 Nf6 4. cxd5 exd5 5. Bg5 Be7 6. e3 h6 7. Bh4 Nbd7 8.
Bd3 O-O 9. Nge2 b6 10. O-O Bb7 11. Rc1 a6 12. f3 c5 13. Bf2 c4 14. Bb1 Re8 15.
Ng3 Bd6 16. Re1 Bb4 17. e4 dxe4 18. fxe4 b5 19. Kh1 Qc7 20. Qc2 g6 21. Rcd1 Ng4
22. Bg1 Ndf6 23. e5 Nd5 24. Nge4 Nf4 25. Qc1 Bxc3 26. bxc3 Nd3 27. Bxd3 cxd3
28. h3 f5 29. Nd6 Qc6 30. Nxb7 Qxb7 31. hxg4 Kh7 32. g5 hxg5 33. Qxg5 Rh8 34.
Bh2 Raf8 1-0

[Event "CYCC U14 w"]
[Site "Windsor CAN"]
[Date "2010.07.07"]
[Round "4"]
[White "Robinson, Emily"]
[Black "Giblon, Rebecca"]
[Result "0-1"]
[WhiteElo "1112"]
[BlackElo "1493"]
[PlyCount "60"]
[EventDate "2010.07.06"]
[EventType "swiss"]
[EventRounds "7"]
[EventCountry "CAN"]

1. e4 e5 2. Nc3 Nc6 3. Bb5 Nf6 4. Bxc6 dxc6 5. a3 Be6 6. d3 Qd7 7. Bg5 Be7 8.
Bxf6 Bxf6 9. h3 O-O-O 10. Nge2 Bg5 11. O-O c5 12. a4 Qc6 13. Nb5 Kb8 14. b3 a6
15. Na3 f5 16. Qb1 fxe4 17. Nc4 Bxc4 18. dxc4 e3 19. f3 Bf6 20. Qe1 e4 21. Rd1
Rxd1 22. Qxd1 Rd8 23. Qc1 Rd2 24. Qe1 Rxc2 25. Nc1 Bd4 26. Ne2 Rb2 27. Nxd4
cxd4 28. b4 exf3 29. gxf3 Qg6+ 30. Kh1 Qg2# 0-1

[Event "CYCC U14 w"]
[Site "Windsor CAN"]
[Date "2010.07.07"]
[Round "4"]
[White "Yu, Kexin"]
[Black "Ding, Jill"]
[Result "1-0"]
[WhiteElo "1384"]
[BlackElo "1220"]
[PlyCount "137"]
[EventDate "2010.07.06"]
[EventType "swiss"]
[EventRounds "7"]
[EventCountry "CAN"]

1. c4 c5 2. Nc3 Nc6 3. Nf3 e5 4. d3 g6 5. g3 Bg7 6. Bg2 Nge7 7. O-O O-O 8. a3
d6 9. Rb1 a5 10. Bd2 h6 11. Na4 Rb8 12. b4 axb4 13. axb4 cxb4 14. Bxb4 b5 15.
cxb5 Rxb5 16. Bd2 Ba6 17. Nc3 Rxb1 18. Qxb1 Qb8 19. Qc1 Rc8 20. Qa1 Bb7 21. Rb1
Qa8 22. Qxa8 Bxa8 23. Ne4 d5 24. Nc3 d4 25. Ne4 Nd5 26. Rc1 Rb8 27. Nd6 Rb3 28.
Ra1 Bb7 29. Nxb7 Rxb7 30. Nxe5 Nxe5 31. Bxd5 Rb2 32. Ra2 Rxa2 33. Bxa2 Kf8 34.
Bb3 f5 35. h4 Ke7 36. Bb4+ Kd7 37. Kg2 g5 38. hxg5 hxg5 39. Bc5 Ng6 40. Kf1 f4
41. Bf7 Ne7 42. gxf4 gxf4 43. Kg2 Nf5 44. Kf3 Bh6 45. Kg4 Kc6 46. Bb4 Nd6 47.
Be6 Nb5 48. Kf3 Nc3 49. Bb3 Bg5 50. Bf8 Bh4 51. Bh6 Nd5 52. Bxd5+ Kxd5 53. Bxf4
Bf6 54. e3 Bg7 55. Kg4 Ke6 56. Bb8 dxe3 57. fxe3 Kd5 58. Kf5 Bh8 59. Bf4 Bg7
60. Bg5 Bc3 61. Bf6 Bb4 62. e4+ Kd6 63. d4 Kd7 64. e5 Bc3 65. d5 Bb4 66. Bg5
Bf8 67. Bf4 Ke7 68. d6+ Ke8 69. e6 1-0

[Event "CYCC U14 w"]
[Site "Windsor CAN"]
[Date "2010.07.07"]
[Round "4"]
[White "Yun, Chang"]
[Black "Vyravanathan, Sobiga"]
[Result "1-0"]
[WhiteElo "1475"]
[BlackElo "1242"]
[PlyCount "65"]
[EventDate "2010.07.06"]
[EventType "swiss"]
[EventRounds "7"]
[EventCountry "CAN"]

1. e4 c5 2. Nf3 Nc6 3. d4 cxd4 4. Nxd4 Nf6 5. Nc3 d6 6. Bc4 e6 7. Be3 Bd7 8.
Be2 Be7 9. g4 Nxd4 10. Bxd4 Qa5 11. f3 h6 12. Qd2 Rc8 13. h4 Qb4 14. O-O-O a5
15. a3 Qxc3 16. Bxc3 b6 17. g5 hxg5 18. hxg5 Nh7 19. Rdg1 Ba4 20. b3 Bd7 21.
Bxg7 Rg8 22. Rxh7 d5 23. Kb2 dxe4 24. fxe4 Bc6 25. Bd3 Rd8 26. Qh2 Bc5 27. Rh8
Rxh8 28. Qxh8+ Kd7 29. Qh2 Bxg1 30. Qxg1 Rg8 31. Be5 b5 32. Qa7+ Kc8 33. Qc7#
1-0

[Event "CYCC U14 w"]
[Site "Windsor CAN"]
[Date "2010.07.08"]
[Round "5"]
[White "Ding, Jill"]
[Black "Robinson, Emily"]
[Result "1-0"]
[WhiteElo "1220"]
[BlackElo "1112"]
[PlyCount "97"]
[EventDate "2010.07.06"]
[EventType "swiss"]
[EventRounds "7"]
[EventCountry "CAN"]

1. e4 e5 2. d4 Bd6 3. Nf3 Nc6 4. Bc4 Qe7 5. Bg5 Nf6 6. O-O O-O 7. Nc3 a6 8. Nd5
Qd8 9. Nxf6+ gxf6 10. Bh6 Re8 11. Nh4 Bf8 12. Qg4+ Kh8 13. Nf5 Bxh6 14. Nxh6
Rf8 15. Nxf7+ Rxf7 16. Bxf7 d6 17. Qh5 Bd7 18. dxe5 Nxe5 19. f4 Nxf7 20. Qxf7
Bc6 21. Rae1 d5 22. e5 fxe5 23. Rxe5 d4 24. Re7 Qg8 25. Qxg8+ Rxg8 26. g3 Rc8
27. Rd1 Rd8 28. c3 Bf3 29. Rd2 c5 30. Kf2 Bg4 31. cxd4 cxd4 32. Re4 d3 33. Re3
Bf5 34. Kf3 h5 35. h3 Bxh3 36. Rdxd3 Bg4+ 37. Kf2 Rc8 38. Rd2 b5 39. Red3 Kh7
40. a3 Bf5 41. Rd6 a5 42. R6d5 Bg4 43. Rxb5 a4 44. Rb4 Ra8 45. Rdd4 Rc8 46. Rd2
Ra8 47. Ke3 Re8+ 48. Re4 Rg8 49. Rh2 1-0

[Event "CYCC U14 w"]
[Site "Windsor CAN"]
[Date "2010.07.08"]
[Round "5"]
[White "Giblon, Rebecca"]
[Black "Wang, Yan"]
[Result "1-0"]
[WhiteElo "1493"]
[BlackElo "1577"]
[PlyCount "111"]
[EventDate "2010.07.06"]
[EventType "swiss"]
[EventRounds "7"]
[EventCountry "CAN"]

1. e4 c5 2. Nf3 Nc6 3. d4 cxd4 4. Nxd4 g6 5. Be3 Bg7 6. Nc3 d6 7. Qd2 Nf6 8.
Be2 a6 9. O-O-O O-O 10. f4 Qc7 11. Rdf1 b5 12. f5 b4 13. Nd5 Nxd5 14. exd5 Nxd4
15. Bxd4 Bxf5 16. Bxg7 Kxg7 17. Rxf5 gxf5 18. Qg5+ Kh8 19. Bd3 Rg8 20. Qxf5 Rg7
21. h4 Qc8 22. Qe4 Qg4 23. Qxe7 Qxg2 24. Rf1 Qg3 25. Qb7 Re8 26. Qxb4 Qe3+ 27.
Kd1 Rg1 28. Qc3+ Kg8 29. Qf6 Rxf1+ 30. Qxf1 Qd4 31. Qg2+ Kh8 32. Qf3 Qxb2 33.
Bxh7 Qa1+ 34. Kd2 Qe1+ 35. Kd3 Re3+ 36. Qxe3 Qxe3+ 37. Kxe3 Kxh7 38. Kf4 Kg6
39. a3 Kh5 40. Kf5 Kxh4 41. Kf6 Kg4 42. Kxf7 Kf5 43. Ke7 Ke5 44. c4 a5 45. a4
Kd4 46. Kxd6 Kxc4 47. Kc6 Kb4 48. d6 Kxa4 49. d7 Kb3 50. d8=Q a4 51. Qd1+ Ka3
52. Qa1+ Kb3 53. Kb5 a3 54. Kc5 a2 55. Kd4 Ka3 56. Kc3 1-0

[Event "CYCC U14 w"]
[Site "Windsor CAN"]
[Date "2010.07.08"]
[Round "5"]
[White "Roussel, Lauriane"]
[Black "Vyravanathan, Sobiga"]
[Result "0-1"]
[WhiteElo "1006"]
[BlackElo "1242"]
[PlyCount "56"]
[EventDate "2010.07.06"]
[EventType "swiss"]
[EventRounds "7"]
[EventCountry "CAN"]

1. e4 c5 2. Nf3 Nc6 3. Bc4 e6 4. d4 cxd4 5. Nxd4 Nf6 6. Nxc6 bxc6 7. Bg5 Qa5+
8. Nc3 Qxg5 9. O-O Qe5 10. Re1 Bd6 11. g3 h5 12. f4 Qc5+ 13. Qd4 Qxd4+ 14. Kh1
Ng4 15. b3 Nf2+ 16. Kg2 Ng4 17. Kh3 Qxc3 18. Rac1 Bxf4 19. Rcd1 Nf2+ 20. Kg2
Nxd1 21. Rxd1 Qxc2+ 22. Kf3 Qxd1+ 23. Kxf4 Qd2+ 24. Kf3 g5 25. g4 Qf4+ 26. Kg2
hxg4 27. b4 Rxh2+ 28. Kg1 Qf2# 0-1

[Event "CYCC U14 w"]
[Site "Windsor CAN"]
[Date "2010.07.08"]
[Round "5"]
[White "Xiao, Alice"]
[Black "Yun, Chang"]
[Result "1-0"]
[WhiteElo "1720"]
[BlackElo "1475"]
[PlyCount "59"]
[EventDate "2010.07.06"]
[EventType "swiss"]
[EventRounds "7"]
[EventCountry "CAN"]

1. e4 e5 2. Nf3 Nc6 3. Bb5 a6 4. Ba4 Nf6 5. O-O Nxe4 6. d4 b5 7. Bb3 d5 8. dxe5
Be6 9. c3 Be7 10. Re1 O-O 11. Bc2 Bg4 12. Bf4 Nc5 13. h3 Bh5 14. Nbd2 Bg6 15.
Nf1 Ne6 16. Bh2 d4 17. Bxg6 hxg6 18. Rc1 d3 19. Re3 Qd5 20. Rxd3 Qxa2 21. Nd4
Ncxd4 22. cxd4 Qxb2 23. Rb1 Qa2 24. Ne3 c6 25. Ra1 Qb2 26. d5 cxd5 27. Nxd5 Bb4
28. Rb1 Qa2 29. Rxb4 Qa5 30. Ne7+ 1-0

[Event "CYCC U14 w"]
[Site "Windsor CAN"]
[Date "2010.07.08"]
[Round "6"]
[White "Ding, Jill"]
[Black "Roussel, Lauriane"]
[Result "1-0"]
[WhiteElo "1220"]
[BlackElo "1006"]
[PlyCount "91"]
[EventDate "2010.07.06"]
[EventType "swiss"]
[EventRounds "7"]
[EventCountry "CAN"]

1. e4 e5 2. d4 f6 3. Nf3 d6 4. d5 Ne7 5. Be3 Bg4 6. Be2 f5 7. Ng5 h6 8. Ne6 Qd7
9. Bxg4 fxg4 10. Qxg4 c6 11. c4 b5 12. b3 Na6 13. Qe2 Nb4 14. O-O Rc8 15. a3
cxd5 16. cxd5 Na6 17. Nd2 Nc5 18. Nxf8 Rxf8 19. b4 Na4 20. Rac1 Nb6 21. f3 g5
22. Qf2 Ra8 23. Rc3 Rc8 24. Rfc1 Nbxd5 25. Rxc8+ Nxc8 26. exd5 a6 27. Qg3 Ne7
28. Ne4 Nf5 29. Qf2 Rg8 30. Rc6 g4 31. Rxa6 Ke7 32. Ra7 Rc8 33. Rxd7+ Kxd7 34.
Nf6+ Ke7 35. Nxg4 Rc1+ 36. Bxc1 Nd4 37. Qh4+ Kd7 38. Bxh6 Nc6 39. Nf6+ Kc7 40.
dxc6 Kxc6 41. Qe4+ Kc7 42. Qd5 Kc8 43. Qc6+ Kb8 44. Nd7+ Ka7 45. Qb6+ Ka8 46.
Qb8# 1-0

[Event "CYCC U14 w"]
[Site "Windsor CAN"]
[Date "2010.07.08"]
[Round "6"]
[White "Kalaydina, Regina Veronicka"]
[Black "Giblon, Rebecca"]
[Result "0-1"]
[WhiteElo "1919"]
[BlackElo "1493"]
[PlyCount "138"]
[EventDate "2010.07.06"]
[EventType "swiss"]
[EventRounds "7"]
[EventCountry "CAN"]

1. c4 e5 2. Nc3 Nf6 3. g3 d5 4. cxd5 Nxd5 5. Nf3 Nc6 6. Bg2 Be6 7. O-O Nb6 8.
d3 f6 9. a3 Qd7 10. Re1 O-O-O 11. Be3 g5 12. Na4 h5 13. b4 h4 14. Rc1 hxg3 15.
Bxb6 gxh2+ 16. Kh1 Bh3 17. Bf1 Qg4 18. Qc2 axb6 19. b5 Bxa3 20. bxc6 Bxc1 21.
cxb7+ Kxb7 22. Rxc1 Qd7 23. Rb1 Qc6 24. Qxc6+ Kxc6 25. Bxh3 Rxh3 26. Rc1+ Kb7
27. Nc3 g4 28. Nd2 f5 29. Nc4 Re8 30. Ne3 Rh5 31. Ncd5 Ra8 32. Rxc7+ Kb8 33.
Rc1 Ra2 34. Nc3 Ra7 35. Rb1 Rb7 36. Nc4 f4 37. Nd6 Rg7 38. Nce4 g3 39. fxg3
fxg3 40. Kg2 Rg6 41. Nc4 Kb7 42. Ne3 Ka6 43. Rh1 b5 44. Nf1 b4 45. Nfxg3 Ka5
46. Ra1+ Kb5 47. Nf2 Rhg5 48. Nfh1 Rh6 49. Kf3 Rh4 50. Nf2 Rf4+ 51. Kg2 Rg6 52.
Nfe4 Ra6 53. Rxa6 Kxa6 54. Kxh2 Ka5 55. Kg2 b3 56. Nd2 b2 57. Nge4 Kb4 58. Nb1
Kb3 59. Ned2+ Kc2 60. e3 Ra4 61. Kf2 Ra1 62. Ke2 Rxb1 63. d4 exd4 64. exd4 Rd1
65. Nc4 Rxd4 66. Na3+ Kc1 67. Ke3 Rd8 68. Ke2 b1=Q 69. Nxb1 Kxb1 0-1